LIBRARY & INFORMATION CENTRE, KCAET, TAVANUR

ONLINE PUBLIC ACCESS CATALOGUE (OPAC)

Morphology of Gymnosperms / (Record no. 9121)

MARC details
000 -LEADER
fixed length control field 00482cam a2200193ua 4500
041 ## - LANGUAGE CODE
Language code of text/sound track or separate title eng
082 ## - DEWEY DECIMAL CLASSIFICATION NUMBER
Classification number 585
Item number COU/MO
100 ## - MAIN ENTRY--AUTHOR NAME
Personal name Coulter, John M .
245 ## - TITLE STATEMENT
Title Morphology of Gymnosperms /
250 ## - EDITION STATEMENT
Edition statement 1 /
260 ## - PUBLICATION, DISTRIBUTION, ETC. (IMPRINT)
Place of publication Allahabad :
Name of publisher Central Book Depot ,
Year of publication 1964.
300 ## - PHYSICAL DESCRIPTION
Number of Pages 466 ; .
700 1# - ADDED ENTRY--PERSONAL NAME
Personal name Chamberlain, Charles J .
942 ## - ADDED ENTRY ELEMENTS (KOHA)
Koha item type Books
Holdings
Withdrawn status Lost status Damaged status Home library Current library Date acquired Full call number Accession Number Koha item type
      KAUAET KAUAET 07/04/2012 585 COU/MO 9870 Books
free website counter